Charger - Triangle des Bermudes paroles - Statistiques

Statistiques générales
  • Ce quiz a été pris 197 fois
  • Le résultat moyen est 224 sur 393
Statistiques - réponses
Réponse % Correct
charger,
95%
charger
95%
Charger,
95%
(Charger)
95%
(charger)
95%
à
94%
le
88%
armes
87%
armes)
87%
feu,
83%
feu
83%
Feu
83%
les
83%
sortez
80%
Sortez
80%
(sortez
80%
j’ai
70%
mes
70%
de
68%
lunettes,
68%
ma
68%
yeux
67%
on
63%
triangle
63%
(Triangle
63%
régler
62%
brr
61%
aux
60%
contentieux
60%
menacer
60%
mis
60%
pas
60%
tous
60%
venu
58%
du
57%
genre
56%
mal
56%
est
54%
trop
53%
j’suis
52%
J’suis
52%
s’faire
44%
Babi,
43%
sorti
43%
I
40%
U.
40%
Corée
38%
ne
38%
en
37%
nucléaires
37%
comme
36%
bazooka
34%
9
33%
eh
33%
Eh
33%
toi
33%
mon
32%
Prépare-
31%
couru
30%
ils
30%
ont
29%
Famas,
27%
ahw
26%
(ahw)
26%
(ahw,
26%
ahw,
26%
ahw)
26%
amour
26%
chérie,
26%
coté
26%
(yeah)
26%
aw
25%
moi
25%
panique
22%
milimètres,
19%
di,
17%
di
17%
yo,
17%
et
16%
Z.
16%
hey,
13%
(hey,
13%
hey)
13%
(hey)
13%
ki
13%
(jamais)
12%
nan,
10%
sorter
10%
(Wouh)
10%
(wouh)
10%
aussi
9%
it
9%
Kalachnikov
9%
move
9%
What?)
9%
more
6%
(one
6%
time)
5%
fi
4%
(han
4%
han
4%
han)
4%
Fight,
3%
fight
3%
(woo,
2%
woo)
2%
Aucun quiz correspondant
Distribution des résultats
% des personnes avec chaque résultat
Percentile par nombre de réponses
Votre historique - résultats
Vous n’avez pas pris ce quiz